[Event "NAYCC U12"]
[Site "Windsor CAN"]
[Date "2016.08.09"]
[Round "5.107"]
[White "Cyrenne, Cole"]
[Black "Wang, Kevin"]
[Result "1/2-1/2"]
[WhiteElo "922"]
[BlackElo "1158"]
[PlyCount "78"]
[EventDate "2016.08.07"]
[EventType "swiss"]
[EventRounds "9"]
[EventCountry "CAN"]

1. d4 e6 2. c4 f5 3. Nc3 Nf6 4. g3 Be7 5. Bg2 O-O 6. Nf3 d6 7. Qc2 Nc6 8. e4
fxe4 9. Nxe4 a5 10. a3 Qe8 11. O-O a4 12. Nxf6+ Bxf6 13. Rd1 Na5 14. Bg5 Nb3
15. Rab1 Qh5 16. Bxf6 Rxf6 17. Qe4 c6 18. d5 cxd5 19. cxd5 e5 20. Nd2 Nxd2 21.
Rxd2 Bf5 22. Qe1 Bxb1 23. Qxb1 Qf5 24. Be4 Qh5 25. Qd3 h6 26. Qb5 Qf7 27. Qb6
Rc8 28. Qb5 Qe8 29. Qxb7 Rf7 30. Qb4 Qd7 31. Bg6 Rf6 32. Qe4 Qh3 33. Rd1 Rcf8
34. Rd2 Rc8 35. Rd1 Rb8 36. Rb1 Rc8 37. Re1 Rc5 38. Rd1 Qc8 39. Bh5 Rc1 1/2-1/2

[Event "NAYCC U12"]
[Site "Windsor CAN"]
[Date "2016.08.09"]
[Round "5.108"]
[White "Bhanji, Areez"]
[Black "Liu, Bowser"]
[Result "1-0"]
[WhiteElo "1135"]
[BlackElo "895"]
[PlyCount "51"]
[EventDate "2016.08.07"]
[EventType "swiss"]
[EventRounds "9"]
[EventCountry "CAN"]

1. e4 e6 2. d4 d5 3. exd5 exd5 4. Nf3 Nf6 5. Bg5 Be7 6. Be2 O-O 7. O-O Bg4 8.
h3 Bh5 9. Re1 Nbd7 10. Nbd2 c5 11. c3 cxd4 12. Nxd4 Bxe2 13. Nxe2 Qb6 14. Rb1
Rac8 15. Be3 Qc7 16. Nd4 a5 17. Bg5 Rfe8 18. Nf5 Ne5 19. Bf4 Bc5 20. Nb3 g6 21.
Nh6+ Kg7 22. Nxc5 Qxc5 23. Bxe5 Kxh6 24. Bxf6 Rxe1+ 25. Qxe1 Rc6 26. Qd2+ 1-0

[Event "NAYCC U12"]
[Site "Windsor CAN"]
[Date "2016.08.10"]
[Round "6.85"]
[White "Zhou, Aiden"]
[Black "Hung, Daniel"]
[Result "1-0"]
[WhiteElo "1777"]
[BlackElo "1812"]
[PlyCount "75"]
[EventDate "2016.08.07"]
[EventType "swiss"]
[EventRounds "9"]
[EventCountry "CAN"]

1. d4 d5 2. Bf4 c5 3. Nc3 Nc6 4. e3 a6 5. Nf3 Nf6 6. dxc5 Bg4 7. Be2 e6 8. Na4
Qa5+ 9. c3 Nd7 10. b4 Qd8 11. O-O h5 12. h3 Bxf3 13. Bxf3 g5 14. Bh2 h4 15. e4
g4 16. exd5 gxf3 17. dxc6 fxg2 18. cxd7+ Qxd7 19. Qxd7+ Kxd7 20. Nb6+ Kc6 21.
Nxa8 gxf1=N 22. Kxf1 Bxc5 23. bxc5 Rxa8 24. Rb1 Kxc5 25. Rxb7 Kc4 26. Be5 Rf8
27. Rb4+ Kd3 28. Rxh4 f6 29. Rf4 f5 30. c4 Rf7 31. c5 Rh7 32. h4 Rc7 33. Bxc7
e5 34. Bxe5 a5 35. c6 a4 36. c7 a3 37. c8=Q Kd2 38. Rd4# 1-0

[Event "NAYCC U12"]
[Site "Windsor CAN"]
[Date "2016.08.10"]
[Round "6.86"]
[White "Shi, William"]
[Black "Shen, Christopher"]
[Result "0-1"]
[WhiteElo "1753"]
[BlackElo "2181"]
[PlyCount "112"]
[EventDate "2016.08.07"]
[EventType "swiss"]
[EventRounds "9"]
[EventCountry "CAN"]

1. e4 e6 2. d4 d5 3. Nc3 Bb4 4. e5 c5 5. a3 Bxc3+ 6. bxc3 Ne7 7. Nf3 Nbc6 8.
Bd3 Qa5 9. O-O c4 10. Be2 Bd7 11. Kh1 f6 12. exf6 gxf6 13. Qe1 O-O-O 14. Bf4
Ng6 15. Bd6 Be8 16. Bc5 b6 17. Bb4 Qa4 18. Bxc4 dxc4 19. Qxe6+ Rd7 20. Qxc4 Bf7
21. d5 Bxd5 22. Qg4 Bxf3 23. gxf3 a5 24. Rfd1 Nce5 25. Qe6 Qc6 26. Qxc6+ Nxc6
27. Rxd7 Kxd7 28. Rd1+ Kc8 29. Bd6 Rd8 30. Rd3 Nge5 31. Rd5 Nc4 32. Rh5 Rxd6
33. Rxh7 Nxa3 34. Rh8+ Rd8 35. Rh6 Nc4 36. Rxf6 Kc7 37. Rf7+ Rd7 38. Rf4 b5 39.
Rf5 Kb6 40. h4 a4 41. Rg5 a3 42. Rg1 Nb2 43. Ra1 Rd1+ 44. Rxd1 Nxd1 45. h5 a2
46. h6 a1=Q 47. h7 Qxc3 48. h8=Q Qxh8+ 49. Kg2 Qg7+ 50. Kf1 Nc3 51. Ke1 Qg1+
52. Kd2 Qxf2+ 53. Kxc3 Qd4+ 54. Kb3 Na5+ 55. Ka3 Nc4+ 56. Kb3 Qb2# 0-1

[Event "NAYCC U12"]
[Site "Windsor CAN"]
[Date "2016.08.10"]
[Round "6.87"]
[White "Idnani, Roshan"]
[Black "McNutt, William"]
[Result "1/2-1/2"]
[WhiteElo "1860"]
[BlackElo "1875"]
[PlyCount "52"]
[EventDate "2016.08.07"]
[EventType "swiss"]
[EventRounds "9"]
[EventCountry "CAN"]

1. Nf3 e6 2. g3 f5 3. d4 Nf6 4. Bg2 d5 5. O-O Bd6 6. c4 c6 7. Nc3 O-O 8. a3 Ne4
9. Qc2 Nd7 10. Nd2 Nxc3 11. Qxc3 f4 12. e4 fxe3 13. Qxe3 Nf6 14. c5 Bc7 15. f4
Ng4 16. Qe2 Nh6 17. Nf3 b6 18. b4 a5 19. Bb2 Qf6 20. Rfe1 Re8 21. Qc2 b5 22.
Bh3 Nf7 23. Qe2 Bd7 24. Bc3 a4 25. Qe3 Qh6 26. Bg2 Qf6 1/2-1/2

[Event "NAYCC U12"]
[Site "Windsor CAN"]
[Date "2016.08.10"]
[Round "6.88"]
[White "Somalwar, Anaiy"]
[Black "Idnani, Taran"]
[Result "1/2-1/2"]
[WhiteElo "1755"]
[BlackElo "1826"]
[PlyCount "106"]
[EventDate "2016.08.07"]
[EventType "swiss"]
[EventRounds "9"]
[EventCountry "CAN"]

1. d4 Nf6 2. c4 c5 3. d5 b5 4. cxb5 a6 5. bxa6 g6 6. Nc3 Bxa6 7. e4 Bxf1 8.
Kxf1 d6 9. Nf3 Nbd7 10. g3 Bg7 11. Kg2 O-O 12. Qe2 Qb6 13. a4 Rfb8 14. Ra3 Qb4
15. Nd2 Nb6 16. Rb3 Qa5 17. Rb5 Qa7 18. a5 Nbd7 19. Nc4 Rxb5 20. Nxb5 Qb7 21.
Nca3 Rxa5 22. Bd2 Ra8 23. Bc3 Nb6 24. b3 Qd7 25. h4 h5 26. Rd1 Qg4 27. f3 Qd7
28. Bb2 Rc8 29. Qd2 Qb7 30. Qe2 Qd7 31. Bc3 Qb7 32. Ra1 Nfd7 33. Bxg7 Kxg7 34.
Qb2+ Kg8 35. Qc3 Ra8 36. Rc1 Qa6 37. Qe3 Kh7 38. Qg5 Re8 39. Rc2 Qc8 40. Na7 f6
41. Qf4 Qa6 42. N7b5 Qc8 43. Qd2 Qb7 44. Rb2 Ne5 45. f4 Ned7 46. Rc2 Rc8 47.
Kh2 Nf8 48. Qe2 Qd7 49. Qe3 Rb8 50. Rc1 Rc8 51. Rf1 Qe8 52. f5 Nfd7 53. fxg6+
Qxg6 1/2-1/2

[Event "NAYCC U12"]
[Site "Windsor CAN"]
[Date "2016.08.10"]
[Round "6.89"]
[White "Tanaka, Tyler"]
[Black "Lin, Benjamin"]
[Result "1-0"]
[WhiteElo "1620"]
[BlackElo "1716"]
[PlyCount "63"]
[EventDate "2016.08.07"]
[EventType "swiss"]
[EventRounds "9"]
[EventCountry "CAN"]

1. e4 c5 2. Nf3 e6 3. d4 cxd4 4. Nxd4 Nc6 5. c4 Qc7 6. Nc3 a6 7. Be3 Nf6 8. a3
Be7 9. Be2 O-O 10. f4 d6 11. O-O b6 12. Bf3 Bb7 13. Qc2 Nd7 14. f5 Nxd4 15.
Bxd4 Qxc4 16. Be3 b5 17. Rac1 Ne5 18. Qd2 Nxf3+ 19. gxf3 Qb3 20. Ne2 Bf6 21.
Rc7 Bc8 22. Nd4 Bxd4 23. Bxd4 e5 24. Bc3 Rd8 25. Qg5 Bxf5 26. exf5 h6 27. Qh5
b4 28. axb4 Qd5 29. f6 gxf6 30. Qxh6 Qd3 31. Qxf6 Qe3+ 32. Kh1 1-0

[Event "NAYCC U12"]
[Site "Windsor CAN"]
[Date "2016.08.10"]
[Round "6.90"]
[White "Huang, Patrick"]
[Black "Doknjas, Neil"]
[Result "1-0"]
[WhiteElo "1973"]
[BlackElo "1693"]
[PlyCount "77"]
[EventDate "2016.08.07"]
[EventType "swiss"]
[EventRounds "9"]
[EventCountry "CAN"]

1. e4 c5 2. Nf3 d6 3. d4 cxd4 4. Nxd4 Nf6 5. Nc3 a6 6. Be2 e5 7. Nb3 Be7 8. Be3
Be6 9. O-O O-O 10. f4 exf4 11. Rxf4 Nbd7 12. Nd4 Ne5 13. Nf5 Ng6 14. Nxe7+ Qxe7
15. Rf2 Bd7 16. Bg5 Qe5 17. Bxf6 gxf6 18. Nd5 Bc6 19. Rf5 Qxb2 20. Rb1 Qxa2 21.
Nxf6+ Kg7 22. Qd4 Qxb1+ 23. Rf1 Qxf1+ 24. Kxf1 Rfd8 25. Nh5+ Kf8 26. Qg7+ Ke7
27. Qf6+ Kd7 28. Qxf7+ Kc8 29. Qxh7 Bxe4 30. Nf6 Bxc2 31. Nd5 Kb8 32. Qc7+ Ka7
33. Qb6+ Kb8 34. Qxd8+ Ka7 35. Qb6+ Kb8 36. Qxd6+ Ka7 37. Qc5+ Kb8 38. Nb6 Be4
39. Nd7# 1-0

[Event "NAYCC U12"]
[Site "Windsor CAN"]
[Date "2016.08.10"]
[Round "6.90"]
[White "Li, Jack"]
[Black "Huang, Qiuyu"]
[Result "0-1"]
[WhiteElo "1511"]
[BlackElo "1972"]
[PlyCount "94"]
[EventDate "2016.08.07"]
[EventType "swiss"]
[EventRounds "9"]
[EventCountry "CAN"]

1. e4 c5 2. c3 d5 3. exd5 Qxd5 4. d4 cxd4 5. cxd4 Nc6 6. Nf3 Bg4 7. Be2 e6 8.
h3 Bh5 9. Nc3 Qd8 10. d5 exd5 11. Qxd5 Qxd5 12. Nxd5 O-O-O 13. Nc3 Bb4 14. Be3
Nge7 15. O-O Bxc3 16. bxc3 Rhe8 17. g4 Bg6 18. Nd4 Nxd4 19. Bxd4 Nc6 20. Bb5
Nxd4 21. cxd4 Re4 22. f4 f6 23. Bd3 Re3 24. Bxg6 hxg6 25. Kg2 Rxd4 26. Rf3 Rxf3
27. Kxf3 Rd3+ 28. Kg2 b5 29. Rc1+ Kd7 30. Rc2 b4 31. h4 a5 32. g5 fxg5 33. hxg5
Ra3 34. Kf2 Ke6 35. Rc7 Rxa2+ 36. Kf3 b3 37. Rxg7 Ra4 38. Rxg6+ Kf7 39. Rf6+
Kg7 40. f5 b2 41. Rg6+ Kf7 42. Rf6+ Ke7 43. Re6+ Kd7 44. Rb6 Rb4 45. Rxb4 axb4
46. g6 b1=Q 47. g7 Qg1 0-1

[Event "NAYCC U12"]
[Site "Windsor CAN"]
[Date "2016.08.10"]
[Round "6.91"]
[White "Yeung, Wesley"]
[Black "Liang, Justin"]
[Result "0-1"]
[WhiteElo "1515"]
[BlackElo "1853"]
[PlyCount "136"]
[EventDate "2016.08.07"]
[EventType "swiss"]
[EventRounds "9"]
[EventCountry "CAN"]

1. e4 c5 2. Nf3 e6 3. d4 cxd4 4. Nxd4 Nc6 5. Nc3 Qc7 6. Be3 a6 7. Qd2 b5 8. f3
Bb7 9. O-O-O Rc8 10. Ndxb5 axb5 11. Nxb5 Qd8 12. Bb6 Qe7 13. Bc5 Qd8 14. Bxf8
Kxf8 15. Qxd7 Qg5+ 16. Qd2 Qe7 17. Bc4 Nf6 18. Qd6 Ne8 19. Qxe7+ Kxe7 20. Rd2
Ba6 21. Na7 Nxa7 22. Bxa6 Rc6 23. Be2 e5 24. Rhd1 Nd6 25. b3 Rb8 26. Kb1 Nab5
27. Bxb5 Nxb5 28. Kb2 Nc3 29. Ra1 Na4+ 30. Kc1 Nc5 31. Kb2 Na4+ 32. Kc1 Nc5 33.
Kb2 g6 34. a4 f5 35. Re2 Ke6 36. Re3 fxe4 37. fxe4 Rb4 38. a5 Kd7 39. Rc3 Na6
40. Rd1+ Kc7 41. Rf3 Rxe4 42. Rf7+ Kc8 43. Rxh7 Re2 44. Rh8+ Kb7 45. Rh7+ Nc7
46. Rc1 Ka6 47. b4 Kb5 48. Kb3 Re3+ 49. c3 Nd5 50. Rh3 Rxh3 51. gxh3 Nxb4 52.
Rd1 Na6 53. Rd5+ Nc5+ 54. Ka3 Ra6 55. Rxe5 Rxa5+ 56. Kb2 Kc4 57. Re3 Nd3+ 58.
Kc2 Ra2+ 59. Kb1 Rxh2 60. Rg3 Kb3 61. Rg1 Rxh3 62. c4 g5 63. c5 Nxc5 64. Kc1
Ne4 65. Kd1 Re3 66. Rf1 g4 67. Rg1 Kc3 68. Rg2 g3 0-1

[Event "NAYCC U12"]
[Site "Windsor CAN"]
[Date "2016.08.10"]
[Round "6.92"]
[White "Zheng, Victor"]
[Black "Thirumalai, Atul"]
[Result "1/2-1/2"]
[WhiteElo "1852"]
[BlackElo "1543"]
[PlyCount "117"]
[EventDate "2016.08.07"]
[EventType "swiss"]
[EventRounds "9"]
[EventCountry "CAN"]

1. Nf3 c5 2. c4 d6 3. Nc3 Nf6 4. g3 b6 5. Bg2 Bb7 6. O-O Nbd7 7. e3 e6 8. d4
cxd4 9. exd4 d5 10. b3 Be7 11. Qe2 O-O 12. Bb2 Ba6 13. Rac1 Rc8 14. Nb5 Bxb5
15. cxb5 Rc7 16. Rc6 Qb8 17. Rfc1 Rfc8 18. Ne5 Nxe5 19. Qxe5 Bd8 20. Bf1 Nd7
21. Qe3 Qb7 22. Rxc7 Rxc7 23. Rxc7 Qxc7 24. a4 Qc2 25. Qc3 Qxc3 26. Bxc3 f6 27.
f3 e5 28. Bh3 exd4 29. Bxd4 Nf8 30. a5 Kf7 31. Kf2 Ne6 32. Ke3 Ke7 33. axb6
Bxb6 34. Bxe6 Kxe6 35. Bxb6 axb6 36. Kd4 h5 37. f4 g5 38. f5+ Kxf5 39. Kxd5 Kg4
40. Kc6 f5 41. Kxb6 f4 42. gxf4 gxf4 43. Kc7 f3 44. b6 f2 45. b7 f1=Q 46. b8=Q
Qf4+ 47. Kc8 Qf5+ 48. Kc7 Qc5+ 49. Kd8 Qd5+ 50. Kc8 Qe6+ 51. Kd8 Qd5+ 52. Kc8
Qg8+ 53. Kc7 Qf7+ 54. Kd8 Qf8+ 55. Kc7 Qe7+ 56. Kc8 Qf8+ 57. Kc7 Qg7+ 58. Kc8
Qf8+ 59. Kc7 1/2-1/2

[Event "NAYCC U12"]
[Site "Windsor CAN"]
[Date "2016.08.10"]
[Round "6.93"]
[White "Zhong, Wenxuan"]
[Black "Singh, Hersh"]
[Result "1/2-1/2"]
[WhiteElo "1758"]
[BlackElo "1506"]
[PlyCount "80"]
[EventDate "2016.08.07"]
[EventType "swiss"]
[EventRounds "9"]
[EventCountry "CAN"]

1. e4 c5 2. Ne2 d6 3. g3 g6 4. Bg2 Bg7 5. c3 Nf6 6. O-O O-O 7. d4 cxd4 8. cxd4
Nc6 9. Nbc3 Nd7 10. Be3 a6 11. Rc1 Nb6 12. Qb3 Na5 13. Qc2 Nac4 14. b3 Nxe3 15.
fxe3 Bd7 16. Qd3 Rc8 17. e5 dxe5 18. Bxb7 Rc7 19. Qxa6 Qb8 20. Bg2 exd4 21.
Nxd4 Bh6 22. Qd3 Rfc8 23. Nce2 Rxc1 24. Rxc1 Rxc1+ 25. Nxc1 Qc7 26. Nce2 Qe5
27. Kf2 Nd5 28. Nf4 Nf6 29. h3 Qa5 30. a4 e5 31. Nc6 Bxc6 32. Bxc6 exf4 33.
gxf4 Bg7 34. Bf3 h6 35. Ke2 Nh5 36. Kf2 Bf6 37. Bd5 Kg7 38. Qd1 Qc5 39. Kf3 Qd6
40. Qd3 Qb4 1/2-1/2

[Event "NAYCC U12"]
[Site "Windsor CAN"]
[Date "2016.08.10"]
[Round "6.94"]
[White "England, Max"]
[Black "Grabinsky, Joshua"]
[Result "1-0"]
[WhiteElo "1607"]
[BlackElo "1704"]
[PlyCount "51"]
[EventDate "2016.08.07"]
[EventType "swiss"]
[EventRounds "9"]
[EventCountry "CAN"]

1. e4 e6 2. d4 d5 3. Nc3 Bb4 4. Bd3 dxe4 5. Bxe4 c5 6. Nge2 Nc6 7. Be3 cxd4 8.
Nxd4 Ne5 9. Qe2 a6 10. O-O Nf6 11. Bf3 Nxf3+ 12. Nxf3 Qc7 13. Bd4 Bd7 14. Bxf6
gxf6 15. Nd5 Qa5 16. Nxf6+ Ke7 17. Nxd7 Kxd7 18. Rfd1+ Ke7 19. Qe4 Qb6 20. Qh4+
f6 21. Ne5 Bd6 22. Nc4 Qb4 23. Rxd6 b5 24. Rxe6+ Kxe6 25. Qe4+ Kf7 26. Ne5+ 1-0

[Event "NAYCC U12"]
[Site "Windsor CAN"]
[Date "2016.08.10"]
[Round "6.96"]
[White "Balderas, Adolfo"]
[Black "Zhao, Jonathan"]
[Result "1-0"]
[WhiteElo "1956"]
[BlackElo "1650"]
[PlyCount "110"]
[EventDate "2016.08.07"]
[EventType "swiss"]
[EventRounds "9"]
[EventCountry "CAN"]

1. e4 d5 2. exd5 Qxd5 3. Nc3 Qa5 4. d4 Nf6 5. Bd3 Nc6 6. Nge2 Bf5 7. d5 Bxd3 8.
dxc6 Be4 9. cxb7 Rd8 10. Qxd8+ Kxd8 11. b8=Q+ Kd7 12. Qb5+ Qxb5 13. Nxb5 a6 14.
Nbc3 Bxc2 15. O-O e6 16. Nd4 Bg6 17. Rd1 Bd6 18. Nf3 Rb8 19. b3 Ke7 20. Bb2 Rb6
21. Nh4 Bh5 22. Re1 Rb4 23. Nf5+ Kd7 24. Nxd6 cxd6 25. f3 h6 26. Rad1 d5 27.
Rd2 Bg6 28. Ne2 Rb6 29. Be5 Ne8 30. Kf2 Rb5 31. Bd4 Bf5 32. g4 Bh7 33. Nc3 Rb7
34. Na4 Rb5 35. Nc5+ Kd6 36. Nxa6 Ra5 37. Nb4 f6 38. a4 Ra8 39. Bb6 Rb8 40. a5
Bg8 41. Red1 Bf7 42. Ke3 h5 43. h3 h4 44. Rc1 g6 45. a6 Ra8 46. a7 e5 47. Bc5+
Kd7 48. Nxd5 Bxd5 49. Rxd5+ Kc6 50. Rd2 Kb7 51. b4 f5 52. b5 Nc7 53. b6 Na6 54.
Rd7+ Kc6 55. b7 Rxa7 1-0

[Event "NAYCC U12"]
[Site "Windsor CAN"]
[Date "2016.08.10"]
[Round "6.97"]
[White "Nair, Siddhant"]
[Black "Hawthorn, Henry"]
[Result "1/2-1/2"]
[WhiteElo "1825"]
[BlackElo "1486"]
[PlyCount "36"]
[EventDate "2016.08.07"]
[EventType "swiss"]
[EventRounds "9"]
[EventCountry "CAN"]

1. d4 Nf6 2. c4 e6 3. Nf3 d5 4. g3 c6 5. Bg2 Bd6 6. O-O O-O 7. Qc2 Nbd7 8. Nbd2
c5 9. b3 Rb8 10. a4 b6 11. Bb2 Bb7 12. e3 Qc7 13. Rac1 Rbc8 14. Rfd1 Rfd8 15.
Ng5 h6 16. Ngf3 Kh8 17. Ne1 Kg8 18. Nd3 Ba6 1/2-1/2

[Event "NAYCC U12"]
[Site "Windsor CAN"]
[Date "2016.08.10"]
[Round "6.98"]
[White "Kobla, Akshay"]
[Black "Tsay, Vincent"]
[Result "0-1"]
[WhiteElo "1382"]
[BlackElo "1789"]
[PlyCount "58"]
[EventDate "2016.08.07"]
[EventType "swiss"]
[EventRounds "9"]
[EventCountry "CAN"]

1. e4 e6 2. d4 d5 3. Nd2 Nf6 4. e5 Nfd7 5. Bd3 c5 6. c3 Nc6 7. Ne2 cxd4 8. cxd4
f6 9. exf6 Nxf6 10. O-O Bd6 11. Nf3 Bd7 12. Re1 O-O 13. Bf4 Qc7 14. Bg3 Rae8
15. Rc1 Qb8 16. Qc2 Nb4 17. Qb1 Nxd3 18. Qxd3 a6 19. Ne5 Bb5 20. Qe3 Ne4 21.
Nf4 Rf5 22. Nfd3 Bxd3 23. Qxd3 Nxg3 24. Qxg3 Ref8 25. f4 Qa7 26. Qe3 Bxe5 27.
fxe5 Qb6 28. Rc2 Qb5 29. Ree2 Rf1# 0-1

[Event "NAYCC U12"]
[Site "Windsor CAN"]
[Date "2016.08.10"]
[Round "6.99"]
[White "Omichi, Haruaki"]
[Black "Ouyang, Nathan"]
[Result "0-1"]
[WhiteElo "1071"]
[BlackElo "1693"]
[PlyCount "96"]
[EventDate "2016.08.07"]
[EventType "swiss"]
[EventRounds "9"]
[EventCountry "CAN"]

1. e4 c5 2. Nf3 e6 3. d4 cxd4 4. Nxd4 Nf6 5. Nc3 Nc6 6. Bf4 d6 7. Bb5 Qc7 8.
Qd2 Bd7 9. Nxc6 bxc6 10. Ba4 e5 11. Be3 Be7 12. O-O O-O 13. Rad1 h6 14. h3 Be6
15. f4 Rfd8 16. f5 Bc4 17. Rf3 d5 18. exd5 cxd5 19. Rg3 Nh5 20. Rg4 d4 21. Bxd4
Rxd4 22. Rxd4 exd4 23. Ne4 Qf4 24. Qxf4 Nxf4 25. b3 Ba6 26. Kf2 Rd8 27. Kg3
Ne2+ 28. Kf3 Nc3 29. Nxc3 dxc3 30. Rxd8+ Bxd8 31. b4 Kf8 32. b5 Bb7+ 33. Kf2
Bb6+ 34. Kg3 Ke7 35. Kh2 Kd6 36. Bb3 Bd5 37. g4 Bxb3 38. axb3 Ke5 39. Kg2 Kd4
40. Kf1 Ke3 41. Ke1 Kf3 42. b4 Ke3 43. Kd1 Kd4 44. Ke2 Kc4 45. h4 Kxb4 46. Kd3
Ba5 47. g5 hxg5 48. hxg5 Kxb5 0-1

[Event "NAYCC U12"]
[Site "Windsor CAN"]
[Date "2016.08.10"]
[Round "6.100"]
[White "Huang, Andrew"]
[Black "Jeyakumar, Bhavatharshan"]
[Result "1-0"]
[WhiteElo "1754"]
[BlackElo "1390"]
[PlyCount "157"]
[EventDate "2016.08.07"]
[EventType "swiss"]
[EventRounds "9"]
[EventCountry "CAN"]

1. e4 c5 2. Nf3 Nc6 3. d4 cxd4 4. Nxd4 e6 5. Nc3 a6 6. Be3 Qc7 7. a3 Nf6 8. Be2
Be7 9. O-O O-O 10. Nxc6 bxc6 11. Qd2 d5 12. Bf4 e5 13. Bg5 d4 14. Bxf6 Bxf6 15.
Na2 c5 16. Bc4 Bb7 17. Rfe1 h6 18. Qd3 Rad8 19. Bxa6 Bxa6 20. Qxa6 Ra8 21. Qd3
c4 22. Qd2 Bg5 23. Qd1 Rfb8 24. Nb4 c3 25. bxc3 Qxc3 26. Nd5 Qc5 27. Qd3 Rb2
28. Nb4 Ra4 29. g3 Qc3 30. Qxc3 dxc3 31. Kg2 Be7 32. Nd5 Bc5 33. Re2 Rxa3 34.
Rxa3 Bxa3 35. Nxc3 Bb4 36. Nd5 Bc5 37. f4 Bd4 38. Kf3 Kf8 39. Rd2 f6 40. Ke2
Ke8 41. c3 Rxd2+ 42. Kxd2 Bg1 43. fxe5 fxe5 44. h3 Bf2 45. g4 Kd7 46. Ne3 Kc6
47. Nf5 g5 48. Nxh6 Bg3 49. Kd3 Kc5 50. Nf5 Bf2 51. Ke2 Bg1 52. h4 gxh4 53.
Nxh4 Bh2 54. Kd3 Bf4 55. Nf3 Kd6 56. Kc4 Kc6 57. g5 Kd6 58. Kb5 Be3 59. c4 Ke6
60. Kc6 Bf2 61. g6 Kf6 62. Kd5 Kxg6 63. c5 Kf6 64. Nxe5 Bxc5 65. Nd7+ Kg5 66.
Nxc5 Kf6 67. Kd6 Kf7 68. e5 Ke8 69. e6 Kd8 70. e7+ Ke8 71. Nd3 Kf7 72. Kd7 Kf6
73. e8=Q Kf5 74. Qe5+ Kg4 75. Qf4+ Kh3 76. Qg5 Kh2 77. Ne1 Kh3 78. Ke6 Kh2 79.
Qg2# 1-0

[Event "NAYCC U12"]
[Site "Windsor CAN"]
[Date "2016.08.10"]
[Round "6.101"]
[White "Nath, Naveen"]
[Black "Boyd, Alexander"]
[Result "1/2-1/2"]
[WhiteElo "1481"]
[BlackElo "1247"]
[PlyCount "95"]
[EventDate "2016.08.07"]
[EventType "swiss"]
[EventRounds "9"]
[EventCountry "CAN"]

1. e4 c5 2. Nf3 d6 3. d4 cxd4 4. Nxd4 Nf6 5. Nc3 g6 6. Be2 Bg7 7. O-O O-O 8.
Be3 Nc6 9. f4 Ng4 10. Nxc6 Nxe3 11. Nxd8 Nxd1 12. Rfxd1 Rxd8 13. Rab1 Be6 14.
Nd5 Bxd5 15. exd5 Rac8 16. c3 e6 17. Bg4 f5 18. Be2 exd5 19. Rxd5 Rc5 20. Rbd1
Rxd5 21. Rxd5 b6 22. Bc4 Kf8 23. Bb5 a5 24. g3 Ke7 25. Rd1 d5 26. Re1+ Kd6 27.
Re8 Rxe8 28. Bxe8 Kc5 29. Kf1 d4 30. cxd4+ Bxd4 31. a4 Bxb2 32. Kg2 Kd6 33. Kh3
Bf6 34. Kg2 Kd5 35. Bf7+ Kc5 36. Be8 Kc4 37. Bf7+ Kb4 38. Be8 Kb3 39. Kh3 Kb2
40. Bd7 Kc2 41. Be8 Kd3 42. Bf7 Kd4 43. Be8 Kc5 44. Bd7 Kd6 45. Be8 Ke7 46. Bb5
Bd4 47. Kg2 Kf6 48. Be8 1/2-1/2

[Event "NAYCC U12"]
[Site "Windsor CAN"]
[Date "2016.08.10"]
[Round "6.102"]
[White "Butchart, Kevin"]
[Black "Laurrabaquio Ramirez, Bryan Rica"]
[Result "1/2-1/2"]
[WhiteElo "1083"]
[BlackElo "1480"]
[PlyCount "95"]
[EventDate "2016.08.07"]
[EventType "swiss"]
[EventRounds "9"]
[EventCountry "CAN"]

1. e4 c5 2. c4 Nc6 3. Nf3 d6 4. d4 Bg4 5. dxc5 dxc5 6. Be2 Qxd1+ 7. Bxd1 O-O-O
8. Nc3 Bxf3 9. Bxf3 Nd4 10. Bg4+ e6 11. O-O Nf6 12. Bd1 Nd7 13. b3 f5 14. Be3
Nf6 15. exf5 Nxf5 16. Bf4 Bd6 17. Bxd6 Nxd6 18. Bf3 e5 19. Rfe1 Rhe8 20. Bd5
Nxd5 21. Nxd5 b5 22. Rec1 Nf5 23. g4 Nd4 24. Kf1 Nf3 25. Kg2 Nd2 26. Ne3 b4 27.
Nd5 Ne4 28. f3 Nf6 29. Rd1 Nxd5 30. Rxd5 Rxd5 31. cxd5 e4 32. Rc1 e3 33. Rxc5+
Kd7 34. Rc1 Kd6 35. Kf1 Re7 36. Ke2 Kxd5 37. Rc4 a5 38. f4 Re4 39. Rc7 Rxf4 40.
Rxg7 Rf2+ 41. Kxe3 Rxh2 42. Rg5+ Kc6 43. Rxa5 Kb6 44. Ra4 Kb5 45. Kf4 h6 46.
Kg3 Rh1 47. Ra8 Rg1+ 48. Kh4 1/2-1/2

[Event "NAYCC U12"]
[Site "Windsor CAN"]
[Date "2016.08.10"]
[Round "6.103"]
[White "Damarla, Rishi"]
[Black "Li, Si"]
[Result "0-1"]
[WhiteElo "1065"]
[BlackElo "1366"]
[PlyCount "90"]
[EventDate "2016.08.07"]
[EventType "swiss"]
[EventRounds "9"]
[EventCountry "CAN"]

1. e4 c5 2. Nf3 d6 3. d4 cxd4 4. Nxd4 Nf6 5. Nc3 a6 6. Be3 Ng4 7. Bd2 Qb6 8. f3
Qxd4 9. fxg4 Nd7 10. Be2 Qb6 11. Bc1 e6 12. Qd2 Be7 13. b3 h6 14. Bb2 Bg5 15.
Qd3 Ne5 16. Qd1 Bd7 17. Bf3 Nxf3+ 18. Qxf3 Qe3+ 19. Qxe3 Bxe3 20. Nd1 Bc5 21.
Nc3 Bd4 22. O-O-O Be5 23. Kb1 b5 24. h4 Rc8 25. Rd3 Rc6 26. Rhd1 Ke7 27. Re1 f6
28. Ree3 b4 29. Ne2 Bxb2 30. Kxb2 Rhc8 31. Rd2 e5 32. Rg3 g5 33. h5 a5 34. Ng1
Rc3 35. Nf3 Re3 36. Rf2 Rxe4 37. Nh2 Rf4 38. Re2 d5 39. Rd3 d4 40. Rg3 Rc3 41.
Rxc3 dxc3+ 42. Kc1 Bxg4 43. Nxg4 Rxg4 44. Kd1 Rh4 45. Re1 Rxh5 0-1

[Event "NAYCC U12"]
[Site "Windsor CAN"]
[Date "2016.08.10"]
[Round "6.104"]
[White "Shi, David"]
[Black "Bhanji, Areez"]
[Result "0-1"]
[WhiteElo "1309"]
[BlackElo "1135"]
[PlyCount "118"]
[EventDate "2016.08.07"]
[EventType "swiss"]
[EventRounds "9"]
[EventCountry "CAN"]

1. e4 c5 2. Nf3 g6 3. d4 cxd4 4. Nxd4 Bg7 5. Be3 Nc6 6. Nc3 Nf6 7. f3 O-O 8.
Qd2 d5 9. Nxc6 bxc6 10. e5 Ne8 11. Bh6 Qc7 12. Bxg7 Nxg7 13. f4 Qb6 14. O-O-O
Rb8 15. b3 Nf5 16. g4 Ne3 17. Na4 Nxf1 18. Rdxf1 Qb4 19. Qxb4 Rxb4 20. c3 Rb5
21. f5 c5 22. f6 exf6 23. Rxf6 c4 24. bxc4 dxc4 25. Rc6 Bb7 26. Rxc4 Bxh1 27.
Rc7 Ra5 28. Nc5 Rxa2 29. Nd7 Rd8 30. e6 Rf2 31. g5 fxe6 32. Nf6+ Rxf6 33. gxf6
Rf8 34. c4 Rxf6 35. c5 e5 36. Rxa7 Rc6 37. Ra5 h5 38. Kd2 Kf7 39. Ke3 Kf6 40.
Ra1 Bd5 41. Rc1 g5 42. Kf2 g4 43. Kg3 Kg5 44. Re1 Re6 45. Rd1 h4+ 46. Kf2 Bf3
47. Rd8 e4 48. Rd5+ Kf4 49. Rd4 g3+ 50. hxg3+ hxg3+ 51. Kg1 Kg4 52. Rd6 Kf5 53.
Rd8 e3 54. Rf8+ Rf6 55. Re8 Rh6 56. Rf8+ Ke4 57. Rxf3 Kxf3 58. c6 Rxc6 59. Kf1
Rc1# 0-1

[Event "NAYCC U12"]
[Site "Windsor CAN"]
[Date "2016.08.10"]
[Round "6.105"]
[White "Wang, Kevin"]
[Black "Dong, Leo"]
[Result "1-0"]
[WhiteElo "1158"]
[BlackElo "784"]
[PlyCount "73"]
[EventDate "2016.08.07"]
[EventType "swiss"]
[EventRounds "9"]
[EventCountry "CAN"]

1. d4 Nf6 2. c4 c5 3. d5 b5 4. cxb5 a6 5. bxa6 Bxa6 6. g3 g6 7. Bg2 d6 8. Nf3
Bg7 9. Nc3 O-O 10. O-O Nbd7 11. Re1 Bb7 12. e4 Re8 13. Bf4 Ra6 14. a3 e6 15.
Nb5 e5 16. Bc1 Nb6 17. Nc3 Qd7 18. Bf1 Ra5 19. Qb3 Na4 20. Nxa4 Rxa4 21. Bb5 c4
22. Bxd7 cxb3 23. Bxa4 Rb8 24. Bxb3 Bc8 25. Bc4 Ra8 26. b4 Bg4 27. Kg2 Rc8 28.
Be2 Rc3 29. b5 Nd7 30. Be3 Rb3 31. a4 Bf6 32. b6 Nxb6 33. Bxb6 Rxb6 34. a5 Rb7
35. a6 Ra7 36. Reb1 Bc8 37. Rb8 1-0